Microprocessors and microcontrollers (Record no. 241203)

MARC details
000 -LEADER
fixed length control field 00627nam a22002057a 4500
005 - DATE AND TIME OF LATEST TRANSACTION
control field 20260409152117.0
008 - FIXED-LENGTH DATA ELEMENTS--GENERAL INFORMATION
fixed length control field 260409b |||||||| |||| 00| 0 eng d
020 ## - INTERNATIONAL STANDARD BOOK NUMBER
International Standard Book Number 9789354660924
040 ## - CATALOGING SOURCE
Transcribing agency AL
041 ## - LANGUAGE CODE
Language code of text/sound track or separate title English
082 ## - DEWEY DECIMAL CLASSIFICATION NUMBER
Classification number 004.16
Item number KANM
100 ## - MAIN ENTRY--PERSONAL NAME
Personal name A Nagoor Kani
100 ## - MAIN ENTRY--PERSONAL NAME
9 (RLIN) 261192
245 ## - TITLE STATEMENT
Title Microprocessors and microcontrollers
250 ## - EDITION STATEMENT
Edition statement 3
260 ## - PUBLICATION, DISTRIBUTION, ETC.
Place of publication, distribution, etc. New Delhi
Name of publisher, distributor, etc. CBS publishers and distributors Pvt Ltd
Date of publication, distribution, etc. 2023
300 ## - PHYSICAL DESCRIPTION
Extent 987 p.
Other physical details PB
Dimensions 24x17 cm.
365 ## - TRADE PRICE
Price type code VBI-2645
Price amount ₹618.75
Currency code
Unit of pricing ₹825.00
Price note 25%
Price effective from 20-02-2026
650 ## - SUBJECT ADDED ENTRY--TOPICAL TERM
Topical term or geographic name entry element Includes 8085 microprocessor,8086 microprocessor
9 (RLIN) 261181
942 ## - ADDED ENTRY ELEMENTS (KOHA)
Source of classification or shelving scheme Dewey Decimal Classification
Koha item type Book
Holdings
Withdrawn status Lost status Source of classification or shelving scheme Damaged status Not for loan Collection code Home library Current library Date acquired Source of acquisition Cost, normal purchase price Total Checkouts Full call number Barcode Date last seen Cost, replacement price Price effective from Koha item type
    Dewey Decimal Classification     Information Science and Engineering St Aloysius Engineering Library St Aloysius Engineering Library 04/07/2026 Vidyathri Books, Bengaluru-560076 618.75   004.16 KANM SE000457 04/09/2026 825.00 02/20/2026 Book